Statistics for Most Popular Sports On A Map

Click here to take the quiz!

General Stats

  • This quiz has been taken 1,227 times
    (1,158 since last reset)
  • The average score is 174 of 196

Answers on the Map

Answers color-coded by a green-red scale on the quiz's map according to % correct below.
 

Answer Stats

ContinentCountrySport% Correct
AfricaZimbabweSoccer
97%
EuropeNorwaySoccer
97%
AsiaMyanmarSoccer
97%
AfricaNamibiaSoccer
97%
EuropeNetherlandsSoccer
97%
AfricaNigerSoccer
97%
AfricaNigeriaSoccer
97%
AsiaNorth KoreaSoccer
97%
EuropeNorth MacedoniaSoccer
97%
AsiaOmanSoccer
97%
AfricaMoroccoSoccer
97%
OceaniaPalauSoccer
97%
North AmericaPanamaSoccer
97%
South AmericaParaguaySoccer
97%
South AmericaPeruSoccer
97%
EuropePolandSoccer
97%
EuropePortugalSoccer
97%
AsiaQatarSoccer
97%
AfricaMozambiqueSoccer
97%
EuropeMoldovaSoccer
97%
EuropeRomaniaSoccer
97%
AfricaLiberiaSoccer
97%
AfricaKenyaSoccer
97%
OceaniaKiribatiSoccer
97%
EuropeKosovoSoccer
97%
AsiaKuwaitSoccer
97%
AsiaLaosSoccer
97%
AsiaLebanonSoccer
97%
AfricaLesothoSoccer
97%
EuropeAlbaniaSoccer
97%
North AmericaMexicoSoccer
97%
EuropeLiechtensteinSoccer
97%
EuropeLuxembourgSoccer
97%
AfricaMalawiSoccer
97%
AsiaMalaysiaSoccer
97%
AfricaMaliSoccer
97%
EuropeMaltaSoccer
97%
AfricaMauritaniaSoccer
97%
AfricaMauritiusSoccer
97%
AfricaR. CongoSoccer
97%
EuropeRussiaSoccer
97%
AsiaJordanSoccer
97%
EuropeUkraineSoccer
97%
AfricaTogoSoccer
97%
North AmericaTrinidad & TobagoSoccer
97%
AfricaTunisiaSoccer
97%
AsiaTurkeySoccer
97%
AsiaTurkmenistanSoccer
97%
OceaniaTuvaluSoccer
97%
AfricaUgandaSoccer
97%
AsiaUnited Arab EmiratesSoccer
97%
AsiaTajikistanSoccer
97%
EuropeUnited KingdomSoccer
97%
South AmericaUruguaySoccer
97%
AsiaUzbekistanSoccer
97%
OceaniaVanuatuSoccer
97%
EuropeVatican CitySoccer
97%
AsiaVietnamSoccer
97%
AsiaYemenSoccer
97%
AfricaZambiaSoccer
97%
AfricaTanzaniaSoccer
97%
AsiaSyriaSoccer
97%
AfricaRwandaSoccer
97%
AsiaSingaporeSoccer
97%
EuropeSan MarinoSoccer
97%
AfricaSao Tome & PrincipeSoccer
97%
AsiaSaudi ArabiaSoccer
97%
AfricaSenegalSoccer
97%
EuropeSerbiaSoccer
97%
AfricaSeychellesSoccer
97%
AfricaSierra LeoneSoccer
97%
EuropeSlovakiaSoccer
97%
EuropeSwitzerlandSoccer
97%
EuropeSloveniaSoccer
97%
OceaniaSolomon IslandsSoccer
97%
AfricaSomaliaSoccer
97%
AfricaSouth SudanSoccer
97%
EuropeSpainSoccer
97%
AfricaSudanSoccer
97%
South AmericaSurinameSoccer
97%
EuropeSwedenSoccer
97%
AsiaKazakhstanSoccer
97%
AfricaLibyaSoccer
97%
AfricaIvory CoastSoccer
97%
AsiaEast TimorSoccer
97%
North AmericaBelizeSoccer
97%
South AmericaBoliviaSoccer
97%
OceaniaF.S. MicronesiaSoccer
97%
AfricaBotswanaSoccer
97%
South AmericaBrazilSoccer
97%
AfricaEthiopiaSoccer
97%
AfricaEswatiniSoccer
97%
AsiaBruneiSoccer
97%
EuropeBulgariaSoccer
97%
AfricaEquatorial GuineaSoccer
97%
North AmericaEl SalvadorSoccer
97%
AfricaEgyptSoccer
97%
South AmericaEcuadorSoccer
97%
North AmericaDominicaSoccer
97%
AfricaGabonSoccer
97%
AfricaBurkina FasoSoccer
97%
EuropeDenmarkSoccer
97%
AfricaD.R. CongoSoccer
97%
AsiaCyprusSoccer
97%
AfricaBurundiSoccer
97%
AsiaCambodiaSoccer
97%
EuropeCroatiaSoccer
97%
North AmericaCosta RicaSoccer
97%
AfricaComorosSoccer
97%
South AmericaColombiaSoccer
97%
AfricaCameroonSoccer
97%
South AmericaChileSoccer
97%
AfricaChadSoccer
97%
AfricaCentral African RepublicSoccer
97%
EuropeFranceSoccer
97%
AfricaBeninSoccer
97%
EuropeBelgiumSoccer
97%
AfricaGuinea-BissauSoccer
97%
AfricaAlgeriaSoccer
97%
EuropeItalySoccer
97%
AsiaIsraelSoccer
97%
EuropeIrelandSoccer
97%
AsiaIraqSoccer
97%
AsiaIranSoccer
97%
EuropeAndorraSoccer
97%
AfricaAngolaSoccer
97%
North AmericaAntigua & BarbudaSoccer
97%
South AmericaArgentinaSoccer
97%
EuropeHungarySoccer
97%
North AmericaHondurasSoccer
97%
North AmericaHaitiSoccer
97%
AfricaCape VerdeSoccer
97%
EuropeAustriaSoccer
97%
AsiaAzerbaijanSoccer
97%
AfricaGambiaSoccer
97%
AsiaGeorgiaSoccer
97%
EuropeGermanySoccer
97%
AfricaGhanaSoccer
97%
EuropeGreeceSoccer
97%
AsiaBahrainSoccer
97%
North AmericaGuatemalaSoccer
97%
AfricaGuineaSoccer
97%
OceaniaAustraliaFootball
96%
OceaniaNauruFootball
96%
North AmericaUnited StatesFootball
96%
EuropeCzech RepublicIce Hockey
94%
EuropeLatviaIce Hockey
94%
EuropeBelarusIce Hockey
94%
North AmericaCanadaIce Hockey
94%
North AmericaSt. Vincent & the GrenadinesCricket
89%
AsiaBangladeshCricket
89%
AsiaSri LankaCricket
89%
North AmericaSt. Kitts & NevisCricket
89%
North AmericaSt. LuciaCricket
89%
North AmericaBarbadosCricket
89%
AsiaAfghanistanCricket
89%
North AmericaGrenadaCricket
89%
AsiaIndiaCricket
89%
AsiaNepalCricket
89%
South AmericaGuyanaCricket
89%
AsiaPakistanCricket
89%
South AmericaVenezuelaBaseball
86%
North AmericaCubaBaseball
86%
North AmericaDominican RepublicBaseball
86%
AsiaSouth KoreaBaseball
86%
North AmericaNicaraguaBaseball
86%
AsiaTaiwanBaseball
86%
AsiaJapanBaseball
86%
OceaniaMarshall IslandsBasketball
78%
EuropeLithuaniaBasketball
78%
EuropeEstoniaBasketball
78%
EuropeBosnia & HerzegovinaBasketball
78%
North AmericaBahamasBasketball
78%
AsiaChinaBasketball
78%
AfricaMadagascarRugby
69%
OceaniaTongaRugby
69%
OceaniaSamoaRugby
69%
OceaniaNew ZealandRugby
69%
AfricaSouth AfricaRugby
69%
OceaniaFijiRugby
69%
OceaniaPapua New GuineaRugby
69%
AsiaMongoliaWrestling
39%
AsiaArmeniaWrestling
39%
North AmericaJamaicaTrack
37%
AfricaDjiboutiTrack
37%
AsiaBhutanArchery
24%
AsiaMaldivesBeach Volleyball
24%
AsiaThailandGolf
22%
AsiaPhilippinesBoxing
21%
AsiaIndonesiaBadminton
19%
EuropeIcelandHandball
16%
EuropeMontenegroHandball
16%
EuropeMonacoMotorsport
7%
AfricaEritreaCycling
6%
AsiaKyrgyzstanKok Boru
3%
EuropeFinlandPesapallo
3%

Score Distribution

Percentile by Number Answered

Percent of People with Each Score

Your Score History

You have not taken this quiz since the last reset